Entry Personal Name
Number of records used in: 1
001 - CONTROL NUMBER
003 - CONTROL NUMBER IDENTIFIER
005 - DATE AND TIME OF LATEST TRANSACTION
- control field:
20230915145508.0
008 - FIXED-LENGTH DATA ELEMENTS
- fixed length control field:
020917n| acannaabn |n aaa
010 ## - LIBRARY OF CONGRESS CONTROL NUMBER
- LC control number:
n 2002109664
040 ## - CATALOGING SOURCE
- Original cataloging agency:
DLC
- Language of cataloging:
eng
- Transcribing agency:
DLC
100 1# - HEADING--PERSONAL NAME
- Personal name:
Sandler, David
670 ## - SOURCE DATA FOUND
- Source citation:
Sandler, David. Weight training fundamentals, c2003:
- Information found:
ECIP t.p. (David Sandler)